[Event "35. DSenEM 65+"]
[Site "Bad Wildungen"]
[Date "2023.07.25"]
[Round "9.39"]
[White "Dierkes, Heinrich"]
[Black "Thielemann, Joachim"]
[Result "0-1"]
[WhiteElo "1786"]
[BlackElo "1727"]
[PlyCount "80"]
[EventDate "2023.??.??"]
[WhiteTeam "SK Koenigsspringer Wewelsburg"]
[BlackTeam "SV Eutin von 1875"]

1. e3 d5 2. d4 Nf6 3. f4 e6 4. Bd3 Nbd7 5. Nf3 c5 6. c3 g6 7. Nbd2 Bg7 8. O-O b6 9. Ne5 Bb7 10. Ndf3 O-O 11. Qe1 Ne4 12. h4 f6 13. Nxd7 Qxd7 14. Nh2 Rae8 15. Rf3 e5 16. h5 exf4 17. hxg6 hxg6 18. Rxf4 c4 19. Bxe4 Rxe4 20. Rxe4 dxe4 21. b3 Bd5 22. b4 Kf7 23. a4 Rb8 24. a5 b5 25. Qe2 f5 26. Bd2 Qd6 27. Nf1 Bf6 28. Be1 Bg5 29. Bg3 f4 30. exf4 Bxf4 31. Qg4 g5 32. Re1 Be6 33. Bxf4 gxf4 34. Qg5 Bd5 35. Nh2 Rg8 36. Qh5+ Ke7 37. Ng4 e3 38. g3 Kd8 39. Kf1 fxg3 40. Ne5 Qf6+ 0-1

[Event "35. DSenEM 65+"]
[Site "Bad Wildungen"]
[Date "2023.07.25"]
[Round "9.40"]
[White "Schwarz, Hans"]
[Black "Ross, Heinrich"]
[Result "1-0"]
[WhiteElo "1855"]
[BlackElo "1602"]
[PlyCount "47"]
[EventDate "2023.??.??"]
[WhiteTeam "SV Rochade Magdeburg 96"]
[BlackTeam "SG Springer Burghaun"]

1. e4 e5 2. Nf3 Nc6 3. Bc4 Nf6 4. Ng5 d5 5. exd5 Na5 6. Bb5+ c6 7. dxc6 bxc6 8. Be2 Be7 9. d3 h6 10. Ne4 Nxe4 11. dxe4 Be6 12. O-O Bc4 13. Bxc4 Nxc4 14. Qg4 Bf6 15. Rd1 Qc8 16. Qg3 Qc7 17. b3 Rd8 18. Rxd8+ Qxd8 19. Nc3 Qd4 20. bxc4 Qxc4 21. Qd3 Qd4 22. Ba3 c5 23. Qb5+ Kd8 24. Rd1 1-0

[Event "35. DSenEM 65+"]
[Site "Bad Wildungen"]
[Date "2023.07.25"]
[Round "9.41"]
[White "Huber, Helmut"]
[Black "Josting, Friedel"]
[Result "1/2-1/2"]
[WhiteElo "1661"]
[BlackElo "1795"]
[PlyCount "54"]
[EventDate "2023.??.??"]
[WhiteTeam "Brackweder Schachklub von 1924"]
[BlackTeam "Schachgemeinschaft Buende 1945"]

1. Nf3 Nf6 2. d4 d5 3. c4 c6 4. Nc3 e6 5. Bg5 Be7 6. cxd5 exd5 7. Qc2 Na6 8. a3 Nc7 9. e3 O-O 10. Bd3 h6 11. Bh4 Be6 12. O-O Nh5 13. Bxe7 Qxe7 14. Ne5 c5 15. Be2 Nf6 16. Rac1 Nd7 17. Nxd7 Bxd7 18. Bf3 Be6 19. Ne2 c4 20. Nf4 b5 21. Nxe6 fxe6 22. Rfe1 Qg5 23. Kf1 Rad8 24. Qc3 Qe7 25. Rc2 Qd6 26. Qa5 a6 27. Rce2 Rd7 1/2-1/2

[Event "35. DSenEM 65+"]
[Site "Bad Wildungen"]
[Date "2023.07.25"]
[Round "9.42"]
[White "Kramell, Ralph Friedrich Kurt"]
[Black "Kaland, Joachim"]
[Result "1/2-1/2"]
[WhiteElo "1765"]
[BlackElo "1458"]
[PlyCount "38"]
[EventDate "2023.??.??"]
[WhiteTeam "SG 2011 Sennewitz e.V."]
[BlackTeam "Koenigsspr. SC.1984 e.V."]

1. Nc3 e6 2. e4 d5 3. exd5 exd5 4. d4 Nf6 5. a3 Be7 6. Nf3 Bg4 7. Be2 O-O 8. O-O Bxf3 9. Bxf3 c6 10. Qd3 Nbd7 11. b4 Nb6 12. Bf4 Nc4 13. Rfe1 Bd6 14. Be5 Re8 15. Qf5 Bxe5 16. dxe5 Nd7 17. e6 fxe6 18. Rxe6 Rxe6 19. Qxe6+ Kf8 1/2-1/2

[Event "35. DSenEM 65+"]
[Site "Bad Wildungen"]
[Date "2023.07.25"]
[Round "9.43"]
[White "Walther, Renate"]
[Black "Peter, Volkhard"]
[Result "0-1"]
[WhiteElo "1222"]
[BlackElo "1707"]
[PlyCount "54"]
[EventDate "2023.??.??"]
[WhiteTeam "SK 1911 Herzogenaurach e.V."]
[BlackTeam "SV Einheit Schwerin"]

1. e4 e5 2. d4 exd4 3. Qxd4 Nc6 4. Qe3 Nf6 5. f3 Be7 6. Nc3 O-O 7. Bd2 Re8 8. O-O-O b6 9. Bc4 Na5 10. Bd3 Bc5 11. Qe2 Bb7 12. Qf1 d5 13. Nge2 d4 14. Na4 Bf8 15. b4 Nc6 16. g4 Nxb4 17. Bxb4 Bxb4 18. c3 Ba3+ 19. Kb1 Bc6 20. Bc2 Bxa4 21. Bxa4 b5 22. Bb3 c5 23. cxd4 c4 24. Nc1 Qa5 25. Qe2 Rec8 26. e5 Nd5 27. Qe4 Nc3+ 0-1

[Event "35. DSenEM 65+"]
[Site "Bad Wildungen"]
[Date "2023.07.25"]
[Round "9.44"]
[White "Moews, Harald"]
[Black "Jacob, Karl-Heinz"]
[Result "1/2-1/2"]
[WhiteElo "1704"]
[BlackElo "1687"]
[PlyCount "55"]
[EventDate "2023.??.??"]
[WhiteTeam "Ahrensburger TSV"]
[BlackTeam "SG 1951 Sonneberg"]

1. e4 d5 2. exd5 Qxd5 3. Nf3 Nf6 4. d4 a6 5. Be2 Bg4 6. O-O Nc6 7. c4 Qd6 8. d5 Bxf3 9. Bxf3 Ne5 10. Be2 e6 11. Nc3 exd5 12. Nxd5 Nxd5 13. cxd5 O-O-O 14. Bf4 Nf3+ 15. Bxf3 Qxf4 16. Qb3 Bd6 17. g3 Qb4 18. Qc2 g6 19. a3 Qc5 20. Qd3 Rhe8 21. b4 Qb5 22. Qxb5 axb5 23. Rfb1 Kd7 24. a4 bxa4 25. Rxa4 Ra8 26. Rba1 Rxa4 27. Rxa4 Re1+ 28. Kg2 1/2-1/2

[Event "35. DSenEM 65+"]
[Site "Bad Wildungen"]
[Date "2023.07.25"]
[Round "9.45"]
[White "Geibel, Henning"]
[Black "Blosze, Winfried"]
[Result "0-1"]
[WhiteElo "1384"]
[BlackElo "1845"]
[PlyCount "90"]
[EventDate "2023.??.??"]
[WhiteTeam "Ahrensburger TSV"]
[BlackTeam "SV Koenigsspr. 1929 Grossauheim"]

1. e4 e5 2. Nf3 Nc6 3. Bb5 a6 4. Bxc6 dxc6 5. d3 Bd6 6. h3 Be6 7. O-O h6 8. Be3 Qd7 9. d4 Ne7 10. dxe5 Bb4 11. Qxd7+ Bxd7 12. c3 Ba5 13. Bd4 Be6 14. b4 Bb6 15. Bxb6 cxb6 16. a4 O-O 17. Nbd2 Rfd8 18. c4 Rd3 19. c5 Rad8 20. Rfd1 b5 21. axb5 cxb5 22. Kf1 Bb3 23. Rdc1 Rxd2 24. Nxd2 Rxd2 25. Ke1 Rd4 26. Rab1 Rxe4+ 27. Kd2 Ba4 28. Re1 Rc4 29. e6 Rc2+ 30. Ke3 fxe6 31. Kf3 Kf7 32. g4 Nc6 33. Re3 Rc4 34. Rbe1 Rxb4 35. Kg2 e5 36. Rf3+ Ke6 37. Rf8 Bb3 38. Rc8 Bd5+ 39. f3 Rc4 40. Rc7 Ne7 41. Kg3 Rc3 42. Rf1 e4 43. Kf4 Rxf3+ 44. Rxf3 exf3 45. Ke3 b4 0-1

[Event "35. DSenEM 65+"]
[Site "Bad Wildungen"]
[Date "2023.07.25"]
[Round "9.46"]
[White "Andrijenko, Anatoliy"]
[Black "Schmieder, Wolfgang Ernst"]
[Result "1/2-1/2"]
[WhiteElo "1803"]
[BlackElo "1754"]
[PlyCount "77"]
[EventDate "2023.??.??"]
[WhiteTeam "SF Koeln-Longerich 1956"]
[BlackTeam "SK Hofgeismar"]

1. e4 c5 2. Nf3 Nf6 3. Nc3 d6 4. Bc4 Nc6 5. a3 g6 6. d4 cxd4 7. Nxd4 Bg7 8. O-O O-O 9. Be2 a6 10. Nd5 Nxd5 11. exd5 Ne5 12. Re1 Qc7 13. h3 Bf5 14. c3 Rfe8 15. h4 h5 16. Bg5 f6 17. Bf4 Ng4 18. Bxg4 Bxg4 19. f3 Bd7 20. Qd3 Kh7 21. Ne6 Bxe6 22. Rxe6 Qb6+ 23. Kh1 Qxb2 24. Rae1 Qf2 25. g3 Bh6 26. R6e2 Qc5 27. Rxe7+ Rxe7 28. Rxe7+ Kg8 29. Be3 Qxa3 30. g4 Qa4 31. Bd4 Re8 32. Rxe8+ Qxe8 33. gxh5 f5 34. Bf6 Bg7 35. Bxg7 Kxg7 36. Qd4+ Kh7 37. Qf6 gxh5 38. Qxf5+ Qg6 39. Qd7+ 1/2-1/2

[Event "35. DSenEM 65+"]
[Site "Bad Wildungen"]
[Date "2023.07.25"]
[Round "9.47"]
[White "Otten, Arnold"]
[Black "Wolter, Guenter"]
[Result "1/2-1/2"]
[WhiteElo "1494"]
[BlackElo "1775"]
[PlyCount "47"]
[EventDate "2023.??.??"]
[WhiteTeam "ESV Rot-Weiss Goettingen"]
[BlackTeam "TSG Neustrelitz"]

1. d4 Nf6 2. Nf3 g6 3. c4 d6 4. Nc3 Bg7 5. e4 O-O 6. Be2 Re8 7. O-O e5 8. d5 Nbd7 9. a3 a5 10. Bg5 h6 11. Bd2 b6 12. Ne1 Ba6 13. b4 Bb7 14. Nd3 c5 15. b5 Bc8 16. f3 Rf8 17. Rb1 Nh7 18. Qc1 g5 19. Nf2 f5 20. exf5 Rxf5 21. Bd3 Rf8 22. Nfe4 Ndf6 23. Qc2 Ra7 24. Ne2 1/2-1/2

[Event "35. DSenEM 65+"]
[Site "Bad Wildungen"]
[Date "2023.07.25"]
[Round "9.48"]
[White "Hassler, Rolf"]
[Black "Schumacher, Ursula"]
[Result "1-0"]
[WhiteElo "1695"]
[BlackElo "1531"]
[Annotator "hugo5"]
[PlyCount "38"]
[EventDate "2023.??.??"]
[WhiteTeam "Hellertaler Schachfreunde 1954"]
[BlackTeam "Bad Neuenahr"]

1. e4 c6 2. d4 d5 3. exd5 cxd5 4. c3 Nf6 5. Bf4 e6 6. Bd3 Be7 7. Nf3 h6 8. O-O Nc6 9. Re1 O-O 10. Qd2 Kh8 11. Ne5 Nxe5 12. dxe5 Ng8 13. Na3 a6 14. Nc2 Bg5 15. Bxg5 hxg5 16. Re3 f5 17. exf6 Qxf6 18. Rae1 Bd7 19. Re5 Rae8 {(Rest der Notation nicht nachvollziehbar.)} 1-0

[Event "35. DSenEM 65+"]
[Site "Bad Wildungen"]
[Date "2023.07.25"]
[Round "9.49"]
[White "Elkendorf, Werner"]
[Black "Beisinghoff, Rudolf"]
[Result "0-1"]
[WhiteElo "1578"]
[BlackElo "1610"]
[PlyCount "82"]
[EventDate "2023.??.??"]
[WhiteTeam "Schachfreunde Drensteinfurt e. V"]
[BlackTeam "SV Anderssen Arolsen"]

1. d4 c5 2. d5 d6 3. Nf3 g6 4. Bd2 Nf6 5. c4 Bg7 6. Nc3 a6 7. Rb1 Bf5 8. Ra1 b5 9. b3 O-O 10. e3 b4 11. Na4 Nbd7 12. Rc1 Nb6 13. Nxb6 Qxb6 14. Nh4 Bd7 15. Bd3 a5 16. O-O a4 17. Qe2 axb3 18. axb3 Ra2 19. h3 Rfa8 20. Bc2 Rb2 21. Nf3 Ne8 22. e4 Raa2 23. Ne1 f5 24. f3 Qa7 25. Qd3 Bd4+ 26. Be3 Nf6 27. Bxd4 cxd4 28. Rb1 Nh5 29. Kh2 Nf4 30. Qd2 d3 31. Nxd3 Rxc2 32. Qxf4 Rxg2+ 33. Kh1 g5 34. Qxg5+ Rxg5 35. Rg1 Rxg1+ 36. Rxg1+ Kf7 37. e5 e6 38. dxe6+ Bxe6 39. Nxb4 Rd2 40. Rg2 Qa1+ 41. Kh2 Qxe5+ 0-1

[Event "35. DSenEM 65+"]
[Site "Bad Wildungen"]
[Date "2023.07.25"]
[Round "9.50"]
[White "Schneidereit, Manfred"]
[Black "Partsch, Manfred"]
[Result "1/2-1/2"]
[WhiteElo "1678"]
[BlackElo "1478"]
[PlyCount "39"]
[EventDate "2023.??.??"]
[WhiteTeam "Jueterbog"]
[BlackTeam "Potsdamer SV Mitte e.V."]

1. e4 b6 2. g3 Bb7 3. Bg2 e6 4. d4 Nf6 5. Nc3 Bb4 6. Qd3 c5 7. Nge2 d5 8. e5 c4 9. Qd1 Nfd7 10. a3 Be7 11. O-O O-O 12. b4 cxb3 13. cxb3 Ba6 14. b4 Bxe2 15. Qxe2 Nc6 16. Be3 f6 17. f4 a6 18. Rac1 Ncb8 19. Bh3 f5 20. Kh1 1/2-1/2

[Event "35. DSenEM 65+"]
[Site "Bad Wildungen"]
[Date "2023.07.25"]
[Round "9.51"]
[White "Bierwald, Martin"]
[Black "Ludwig, Richard"]
[Result "1/2-1/2"]
[WhiteElo "1540"]
[BlackElo "1489"]
[PlyCount "22"]
[EventDate "2023.??.??"]
[WhiteTeam "Koenigsspr. SC.1984 e.V."]
[BlackTeam "SV Irxleben von 1919"]

1. e4 Nf6 2. e5 Nd5 3. d4 e6 4. Nf3 Be7 5. Be2 d6 6. O-O O-O 7. Re1 Re8 8. c3 Nb6 9. Nbd2 d5 10. Bb5 Bd7 11. Bxd7 N8xd7 1/2-1/2

[Event "35. DSenEM 65+"]
[Site "Bad Wildungen"]
[Date "2023.07.25"]
[Round "9.52"]
[White "Semisch, Helga"]
[Black "Pos, Joshua"]
[Result "1/2-1/2"]
[WhiteElo "1408"]
[BlackElo "1404"]
[PlyCount "37"]
[EventDate "2023.??.??"]
[WhiteTeam "SV Schmalkalden 04"]
[BlackTeam "SC Papenburg"]

1. d4 d5 2. e3 Nf6 3. Bd3 c5 4. c3 Nc6 5. Nd2 Bg4 6. Qc2 e6 7. Ngf3 Bd6 8. Ng5 Bf5 9. e4 Bg6 10. e5 Bxd3 11. Qxd3 c4 12. Qc2 Ng4 13. Ndf3 Be7 14. h3 Nh6 15. Bf4 Nf5 16. h4 h6 17. Nh3 Nxh4 18. Nxh4 Bxh4 19. g3 1/2-1/2